Fluorescenčne značené 3-deoxy arylfytoceramidy diplomová práca
Gespeichert in:
| 1. Verfasser: | |
|---|---|
| Format: | Buch |
| Sprache: | Slowakisch |
| Veröffentlicht: |
Bratislava
STU FCHPT
2016
|
| Online-Zugang: | Im OPAC anzeigen |
| Tags: |
Keine Tags, Fügen Sie das erste Tag hinzu!
|
MARC
| LEADER | 00000nam a2200000 a 4500 | ||
|---|---|---|---|
| 005 | 20260127134118.0 | ||
| 008 | 160712 2016 000 0 slo d | ||
| 035 | |a vtls011566214 | ||
| 039 | 9 | |y 201607120934 |z mschk03 | |
| 040 | |a STUSCHK1 |b slo |c STUSCHK1 |e AACR2 | ||
| 100 | 1 | |a Mihaľová, Martina | |
| 245 | 1 | |a Fluorescenčne značené 3-deoxy arylfytoceramidy |b diplomová práca |c Martina Mihaľová | |
| 260 | |a Bratislava |b STU FCHPT |c 2016 | ||
| 300 | |a 64 s. |b il. |c 25 cm | ||
| 500 | |a Študijný program: technická chémia | ||
| 500 | |a Študijný odbor: chémia, chemické technológie | ||
| 500 | |a Školiace pracovisko: Oddelenie organickej chémie | ||
| 500 | |a Evid. číslo: FCHPT-104542-42836 | ||
| 910 | |a SCHK95 | ||
| 999 | |c 4352 |d 4352 | ||